[Event "Hilton Open 2013"]
[Site "Basel"]
[Date "2013.01.05"]
[Round "7.19"]
[White "Lutz, Bernhard"]
[Black "Aerni, Andi"]
[Result "1/2-1/2"]
[WhiteElo "2348"]
[BlackElo "2206"]
[PlyCount "110"]
[EventDate "2013.??.??"]
[SourceDate "2013.01.01"]

1. Nf3 c5 2. g3 b6 3. Bg2 Bb7 4. c4 Nf6 5. O-O e6 6. Nc3 Be7 7. Re1 d6 8. e4
Nbd7 9. d4 cxd4 10. Nxd4 O-O 11. f4 Qc7 12. Be3 a6 13. Rc1 Rac8 14. g4 Nc5 15.
Bf2 h6 16. b4 Ncd7 17. g5 hxg5 18. fxg5 Ne8 19. g6 e5 20. Nf5 Bg5 21. gxf7+
Rxf7 22. Be3 Bxe3+ 23. Nxe3 Ndf6 24. Bh3 Nxe4 25. Nxe4 Bxe4 26. Qg4 Bb7 27. Nd5
Qd8 28. Qg3 Rxc4 29. Rxc4 Bxd5 30. Rc8 Qe7 31. Rec1 Rf3 32. Qg4 Rf4 33. Qg3 Kh7
34. Rf1 Bb7 35. Rxf4 exf4 36. Qd3+ g6 37. Rb8 f3 38. Qd4 Ng7 39. Bf1 Be4 40.
Bxa6 Qg5+ 41. Kf1 Qc1+ 42. Kf2 Qc2+ 43. Kf1 Qxh2 44. Rf8 Qh3+ 45. Ke1 Qh4+ 46.
Kd2 Qh2+ 47. Kd1 Qc2+ 48. Ke1 Qb1+ 49. Kd2 Qxa2+ 50. Ke3 Nf5+ 51. Rxf5 Bxf5 52.
Qh4+ Kg7 53. Qd4+ Kh7 54. Qh4+ Kg7 55. Qd4+ Kh7 1/2-1/2

[Event "Hilton Open 2013"]
[Site "Basel"]
[Date "2013.01.05"]
[Round "7.20"]
[White "Flueckiger, Christian"]
[Black "Grandadam, Patrick"]
[Result "1-0"]
[WhiteElo "2344"]
[BlackElo "2204"]
[PlyCount "99"]
[EventDate "2013.??.??"]
[SourceDate "2013.01.01"]

1. e4 c5 2. Nf3 e6 3. g3 Nc6 4. Bg2 d5 5. exd5 Qxd5 6. O-O Nf6 7. b3 Be7 8. Bb2
Qd7 9. d4 cxd4 10. Nxd4 Nxd4 11. Qxd4 O-O 12. Qxd7 Nxd7 13. Rd1 Rb8 14. Na3 Bf6
15. Bxf6 Nxf6 16. Nc4 b5 17. Ne5 Bb7 18. Nd7 Nxd7 19. Rxd7 Bxg2 20. Kxg2 Rfc8
21. Rad1 g6 22. Rxa7 Ra8 23. Rxa8 Rxa8 24. a4 bxa4 25. Ra1 Rc8 26. bxa4 Rxc2
27. a5 Rc7 28. a6 Ra7 29. h4 Kg7 30. Kf3 Kf6 31. Ra5 h5 32. Kf4 Ke7 33. Kg5 Kd7
34. Kf6 Kd6 35. f3 e5 36. Ra2 Kd5 37. g4 hxg4 38. fxg4 e4 39. h5 gxh5 40. gxh5
e3 41. h6 e2 42. Rd2+ Kc4 43. Rxe2 Rxa6+ 44. Kg7 Rg6+ 45. Kh7 Kd5 46. Re8 Kd6
47. Rg8 Rf6 48. Rg1 Re6 49. Kg7 f5 50. Rg6 1-0

[Event "Hilton Open 2013"]
[Site "Basel"]
[Date "2013.01.05"]
[Round "7.21"]
[White "Grandadam, Nicolas"]
[Black "Eidinger, Helmut"]
[Result "1/2-1/2"]
[WhiteElo "2322"]
[BlackElo "2137"]
[PlyCount "67"]
[EventDate "2013.??.??"]
[SourceDate "2013.01.01"]

1. Nf3 c5 2. c4 Nc6 3. d4 cxd4 4. Nxd4 g6 5. e4 Bg7 6. Be3 Nf6 7. Nc3 Ng4 8.
Qxg4 Nxd4 9. Qd1 Ne6 10. Rc1 d6 11. Be2 Bd7 12. O-O O-O 13. Qd2 Bc6 14. f3 a5
15. b3 Nc5 16. Rc2 b6 17. Rb1 Qc7 18. Bf1 Rfb8 19. Qe1 Rb7 20. a3 Ne6 21. Qf2
Qd8 22. Kh1 Rab8 23. Nb5 Bxb5 24. cxb5 Rc7 25. Rxc7 Qxc7 26. Rc1 Qb7 27. Bc4
Nc5 28. b4 axb4 29. axb4 Nd7 30. Bd5 Qa7 31. h3 Ne5 32. Rd1 Qa4 33. Rb1 Qxb5
34. f4 1/2-1/2

[Event "Hilton Open 2013"]
[Site "Basel"]
[Date "2013.01.05"]
[Round "7.22"]
[White "Mueller, Werner"]
[Black "Vulevic, Vjekoslav"]
[Result "0-1"]
[WhiteElo "2033"]
[BlackElo "2299"]
[PlyCount "68"]
[EventDate "2013.??.??"]
[SourceDate "2013.01.01"]

1. e4 c5 2. Nc3 e6 3. Nf3 a6 4. d4 cxd4 5. Nxd4 Qc7 6. g3 Nf6 7. Bg2 Be7 8. O-O
O-O 9. f4 d6 10. a4 Nc6 11. Kh1 Bd7 12. Nb3 b6 13. g4 Rac8 14. g5 Ne8 15. Be3
Nb4 16. Nd4 g6 17. f5 Nc6 18. Qe2 Nxd4 19. Bxd4 Bxg5 20. fxg6 hxg6 21. Qg4 Bh6
22. Qh4 Bg7 23. Rf3 f6 24. Raf1 Qd8 25. Rg3 g5 26. Qh5 Rc4 27. Be3 b5 28. axb5
axb5 29. e5 Rh4 30. Qe2 dxe5 31. Bc5 Rf7 32. Nxb5 f5 33. Rd1 e4 34. c3 f4 0-1

[Event "Hilton Open 2013"]
[Site "Basel"]
[Date "2013.01.05"]
[Round "7.23"]
[White "Bhend, Edwin"]
[Black "Stolniceanu, Victor Dumitru"]
[Result "1-0"]
[WhiteElo "2248"]
[BlackElo "2135"]
[PlyCount "89"]
[EventDate "2013.??.??"]
[SourceDate "2013.01.01"]

1. e4 e5 2. Nc3 Nf6 3. Bc4 Bc5 4. d3 h6 5. Be3 Bxe3 6. fxe3 c6 7. Bb3 d6 8. Nf3
Nbd7 9. O-O Nc5 10. Qe1 O-O 11. Rd1 Qe7 12. Nh4 a5 13. Ng6 Qc7 14. Nxf8 a4 15.
d4 axb3 16. dxc5 bxc2 17. Rxd6 Kxf8 18. Rd2 Be6 19. Rxc2 Qa5 20. Rc1 Nd7 21.
Nb1 Qxa2 22. Qd2 Nf6 23. Qd6+ Kg8 24. Qxe5 Bc4 25. Rfd1 Re8 26. Qc3 Be2 27. Rd4
Qe6 28. Qd2 Bh5 29. Nc3 Re7 30. Rd8+ Kh7 31. Qd6 Nxe4 32. Qxe6 Rxe6 33. Nxe4
Rxe4 34. Rc3 Rb4 35. b3 Bg4 36. Rd4 Rxd4 37. exd4 Be6 38. b4 Kg6 39. Kf2 Kf5
40. Ke3 Bd5 41. Rc2 Kg4 42. Kf2 Kf4 43. Re2 Be6 44. Re5 g6 45. h3 1-0

[Event "Hilton Open 2013"]
[Site "Basel"]
[Date "2013.01.05"]
[Round "7.24"]
[White "Nuri, Kambez"]
[Black "Ernst, Rolf"]
[Result "1-0"]
[WhiteElo "2241"]
[BlackElo "2131"]
[PlyCount "89"]
[EventDate "2013.??.??"]
[SourceDate "2013.01.01"]

1. e4 c5 2. Nc3 d6 3. Nge2 a6 4. d4 cxd4 5. Nxd4 b5 6. a3 Nf6 7. g3 e6 8. Bg2
Bb7 9. O-O Qc7 10. Re1 Nbd7 11. a4 b4 12. Na2 Nc5 13. f3 a5 14. b3 Be7 15. c3
Qb6 16. Be3 bxc3 17. Nxc3 O-O 18. Ra2 Rfd8 19. Rd2 d5 20. e5 Nfd7 21. f4 Qc7
22. Ndb5 Qb6 23. Bd4 Nb8 24. f5 Bf8 25. fxe6 fxe6 26. Qg4 Nc6 27. Qxe6+ Nxe6
28. Bxb6 d4 29. Nd5 Nb4 30. Nf4 Nxf4 31. Bxb7 Nfd3 32. Bxa8 Rxa8 33. Re4 Rc8
34. Bxd4 Rc1+ 35. Kg2 Ne1+ 36. Kf2 Ned3+ 37. Kg2 Ne1+ 38. Kf2 Ned3+ 39. Ke2
Re1+ 40. Kf3 Rb1 41. Re3 Ne1+ 42. Ke4 Nec2 43. Ree2 Nxd4 44. Nxd4 Kf7 45. Rf2+
1-0

[Event "Hilton Open 2013"]
[Site "Basel"]
[Date "2013.01.05"]
[Round "7.25"]
[White "Giesler, Julius"]
[Black "Tschann, Stephan"]
[Result "0-1"]
[WhiteElo "2089"]
[BlackElo "2224"]
[PlyCount "88"]
[EventDate "2013.??.??"]
[SourceDate "2013.01.01"]

1. e4 e5 2. Nf3 Nc6 3. Bb5 Nf6 4. O-O Nxe4 5. d4 Nd6 6. Bxc6 dxc6 7. dxe5 Nf5
8. Qxd8+ Kxd8 9. Rd1+ Ke8 10. Nc3 h6 11. h3 Be6 12. Bf4 Rd8 13. g4 Rxd1+ 14.
Rxd1 Ne7 15. Nd4 Bd7 16. Re1 h5 17. e6 fxe6 18. g5 Ng6 19. Bxc7 Be7 20. Nxe6
Kf7 21. Nd4 Bxh3 22. Kh2 Bg4 23. Ne4 Nh4 24. f3 Bc8 25. f4 c5 26. Kg3 Nf5+ 27.
Nxf5 Bxf5 28. Nd6+ Bxd6 29. Bxd6 h4+ 30. Kh2 Re8 31. Rxe8 Kxe8 32. Bxc5 a6 33.
c3 g6 34. Bf2 h3 35. Kg3 Kd7 36. Bg1 Kc6 37. Kf3 Kd5 38. Ke3 Bb1 39. a4 Kc4 40.
Kd2 a5 41. Kc1 Bf5 42. Kd2 Kb3 43. Kc1 Kxa4 44. c4 b6 0-1

[Event "Hilton Open 2013"]
[Site "Basel"]
[Date "2013.01.05"]
[Round "7.26"]
[White "Winterberg, Lukas"]
[Black "Schenker, Roberto"]
[Result "1/2-1/2"]
[WhiteElo "2212"]
[BlackElo "2129"]
[PlyCount "86"]
[EventDate "2013.??.??"]
[SourceDate "2013.01.01"]

1. d4 Nf6 2. c4 c5 3. d5 b5 4. a4 b4 5. f3 d6 6. e4 e5 7. Bd3 g6 8. Be3 Bg7 9.
Nd2 a5 10. Qc2 Ra7 11. Ne2 Re7 12. O-O-O Nbd7 13. h3 h5 14. h4 Bh6 15. Nf1
Bxe3+ 16. Nxe3 Nf8 17. Rdg1 Kd7 18. g3 Kc7 19. Rh2 N8h7 20. g4 Bd7 21. g5 Ne8
22. Rf2 Nf8 23. f4 exf4 24. Nxf4 Bc8 25. Bf1 Nd7 26. Bg2 Ne5 27. Nd3 Nxd3+ 28.
Qxd3 Rh7 29. Rgf1 Qd7 30. b3 Kd8 31. Rf4 Nc7 32. R1f2 Na8 33. Nd1 Nb6 34. Nb2
Qc7 35. Qf1 Ke8 36. Nd3 Qd7 37. Rf6 Rg7 38. e5 Nxc4 39. bxc4 Qxa4 40. Kd2 Qa2+
41. Kd1 Qa1+ 42. Kd2 Qc3+ 43. Kd1 Qa1+ 1/2-1/2

[Event "Hilton Open 2013"]
[Site "Basel"]
[Date "2013.01.05"]
[Round "7.27"]
[White "Aguera Naredo, Javier"]
[Black "Klumpp, Jochen"]
[Result "1-0"]
[WhiteElo "2417"]
[BlackElo "2070"]
[PlyCount "29"]
[EventDate "2013.??.??"]
[SourceDate "2013.01.01"]

1. e4 c5 2. Nf3 d6 3. d4 cxd4 4. Nxd4 Nf6 5. Nc3 a6 6. Bc4 e6 7. Bb3 Nbd7 8.
Bg5 Nc5 9. f4 h6 10. Bh4 g5 11. fxg5 Nfxe4 12. Nxe4 Nxe4 13. Qh5 Qa5+ 14. c3
Nxc3 15. O-O 1-0

[Event "Hilton Open 2013"]
[Site "Basel"]
[Date "2013.01.05"]
[Round "7.28"]
[White "Prill, Daniel"]
[Black "Hess, Christian Mathias"]
[Result "0-1"]
[WhiteElo "2154"]
[BlackElo "2269"]
[PlyCount "78"]
[EventDate "2013.??.??"]
[SourceDate "2013.01.01"]

1. e4 c6 2. d4 d5 3. Nc3 dxe4 4. Nxe4 Bf5 5. Ng3 Bg6 6. h4 h6 7. h5 Bh7 8. Nf3
e6 9. Bd3 Bxd3 10. Qxd3 Nf6 11. Bd2 Nbd7 12. O-O-O Qc7 13. c4 Be7 14. Kb1 O-O
15. Bc3 b5 16. c5 Rfd8 17. Qc2 a5 18. Ne4 Nxe4 19. Qxe4 Nf6 20. Qe5 Qc8 21. Qe2
Rd5 22. Bd2 a4 23. a3 Ng4 24. Rh3 Bf6 25. Bc3 e5 26. dxe5 Qf5+ 27. Ka1 Rxd1+
28. Qxd1 Nxf2 29. Qd2 Nxh3 30. exf6 Ng5 31. fxg7 Re8 32. Nd4 Qf1+ 33. Ka2 Ne4
34. Qe3 Nxc3+ 35. Qxc3 Re1 36. Nc2 Rc1 37. Qd4 Qf5 38. Qd8+ Kxg7 39. Qd4+ Kh7
0-1

[Event "Hilton Open 2013"]
[Site "Basel"]
[Date "2013.01.05"]
[Round "7.29"]
[White "Braeunlin, Klaus"]
[Black "Karabalis, Harilos"]
[Result "0-1"]
[WhiteElo "2131"]
[BlackElo "2245"]
[PlyCount "58"]
[EventDate "2013.??.??"]
[SourceDate "2013.01.01"]

1. e4 e6 2. d4 d5 3. Nd2 Nf6 4. e5 Nfd7 5. f4 c5 6. c3 Nc6 7. Ngf3 Qb6 8. Nb3
cxd4 9. cxd4 a5 10. Be3 f6 11. Qe2 a4 12. Nc1 Bb4+ 13. Kf2 fxe5 14. fxe5 Ndxe5
15. Nxe5 Nxe5 16. Qb5+ Qxb5 17. Bxb5+ Bd7 18. Bxd7+ Nxd7 19. Nd3 Bd6 20. Ke2
Nf6 21. Bf4 Bxf4 22. Nxf4 Kd7 23. Nd3 Kd6 24. Rac1 Rhc8 25. Rhe1 Rc4 26. Rxc4
dxc4 27. Nb4 a3 28. bxa3 Rxa3 29. Rc1 b5 0-1

[Event "Hilton Open 2013"]
[Site "Basel"]
[Date "2013.01.05"]
[Round "7.30"]
[White "Spiess, Thomas"]
[Black "Curien, Nicolas"]
[Result "1-0"]
[WhiteElo "2028"]
[BlackElo "2239"]
[PlyCount "91"]
[EventDate "2013.??.??"]
[SourceDate "2013.01.01"]

1. c4 e6 2. Nf3 d5 3. d4 c6 4. Nc3 dxc4 5. e3 b5 6. a4 Bb4 7. Ne5 Nf6 8. Be2
Bb7 9. O-O a6 10. f4 Qb6 11. f5 exf5 12. Rxf5 Nbd7 13. Bd2 c5 14. d5 O-O 15.
Nxd7 Nxd7 16. e4 Rfe8 17. Qc2 Ne5 18. Raf1 Bc8 19. Rg5 Ra7 20. h4 Rae7 21. axb5
axb5 22. h5 h6 23. Rg3 Kh8 24. Kh1 f6 25. Bf4 Bxc3 26. bxc3 Nf7 27. Bf3 Ra7 28.
Rd1 Ne5 29. Be2 Bd7 30. Qc1 Nf7 31. Bf3 Qa5 32. Rg6 b4 33. Bxh6 gxh6 34. Rxh6+
Kg8 35. Rg6+ Kf8 36. Rxf6 Ke7 37. Qf4 Kd8 38. Rxf7 Qc7 39. d6 Qb6 40. Qf6+ Kc8
41. h6 Qd8 42. Re7 b3 43. Qe5 Ra5 44. Bg4 Qxe7 45. dxe7 Bxg4 46. Rd2 1-0

[Event "Hilton Open 2013"]
[Site "Basel"]
[Date "2013.01.05"]
[Round "7.31"]
[White "Staechelin, Ruedi"]
[Black "Bagri, Jaspaul"]
[Result "1-0"]
[WhiteElo "2078"]
[BlackElo "2178"]
[PlyCount "165"]
[EventDate "2013.??.??"]
[SourceDate "2013.01.01"]

1. e4 e5 2. Nf3 Nc6 3. Bc4 Bc5 4. c3 Nf6 5. d3 a6 6. b4 Ba7 7. Bb3 h6 8. Nbd2
d5 9. a3 O-O 10. O-O Bg4 11. h3 Bh5 12. Bb2 Re8 13. Re1 Qd7 14. Qe2 Rad8 15.
Rad1 dxe4 16. dxe4 Qd3 17. Qxd3 Rxd3 18. Bc2 Rd7 19. g4 Bg6 20. Nh4 Red8 21.
Bc1 Bh7 22. Kg2 b5 23. Kf3 Ne7 24. Ke2 c5 25. f3 g5 26. Ng2 a5 27. Nf1 axb4 28.
axb4 cxb4 29. cxb4 Nc6 30. Bb2 Bd4 31. Rb1 Nxb4 32. Bb3 Bxb2 33. Rxb2 Nd3 34.
Reb1 h5 35. Rd2 hxg4 36. hxg4 Kf8 37. Bc2 Bxe4 38. fxe4 Nxe4 39. Rxd3 Rxd3 40.
Bxd3 Nc3+ 41. Ke3 Nxb1 42. Bxb1 Rd4 43. Bf5 Ke7 44. Nd2 Ra4 45. Kd3 Ra3+ 46.
Kc2 Kd6 47. Kb2 Rh3 48. Ne1 Rh2 49. Nef3 Re2 50. Kc3 f6 51. Ne4+ Ke7 52. Nfd2
Re1 53. Kb4 Rc1 54. Kxb5 Rc7 55. Nc5 Ra7 56. Nde4 Ra1 57. Nd3 Ra3 58. Nb4 Ra1
59. Nd5+ Kf7 60. Ndxf6 Kg7 61. Nd7 Kh6 62. Nxe5 Rc1 63. Nc4 Rd1 64. Kc5 Rd8 65.
Ncd6 Ra8 66. Nf7+ Kg7 67. Nfxg5 Ra5+ 68. Kd6 Ra6+ 69. Ke5 Ra5+ 70. Kf4 Ra1 71.
Nf3 Ra4 72. g5 Ra1 73. Ng3 Ra4+ 74. Be4 Ra5 75. Nh5+ Kg8 76. Ne5 Ra1 77. Kf5
Rf1+ 78. Kg6 Rd1 79. Nf6+ Kf8 80. Nh7+ Kg8 81. Bd5+ Rxd5 82. Nf6+ Kh8 83. Nf7#
1-0

[Event "Hilton Open 2013"]
[Site "Basel"]
[Date "2013.01.05"]
[Round "7.32"]
[White "Stoeri, Laura"]
[Black "Michaelis, Nico"]
[Result "1-0"]
[WhiteElo "2053"]
[BlackElo "2165"]
[PlyCount "85"]
[EventDate "2013.??.??"]
[SourceDate "2013.01.01"]

1. e4 d5 2. exd5 Qxd5 3. Nc3 Qd6 4. d4 Nf6 5. Nf3 g6 6. Bd3 Bg7 7. O-O O-O 8.
Re1 a6 9. h3 Nc6 10. a3 Nxd4 11. Nxd4 Qxd4 12. Qf3 Re8 13. Be3 Qh4 14. Rad1 c6
15. Bf1 Qh5 16. Qg3 Qa5 17. Bd4 Nh5 18. Qh4 Bf6 19. Bxf6 Nxf6 20. Qxf6 exf6 21.
Rxe8+ Kg7 22. Rdd8 f5 23. Rxc8 Rxc8 24. Rxc8 Qe5 25. Rd8 b5 26. Ra8 Qc7 27.
Rxa6 Qb7 28. Ra5 b4 29. axb4 Qxb4 30. Ra2 g5 31. Bd3 Qf4 32. Ne2 Qd2 33. Ra1 f4
34. Nc3 f3 35. gxf3 Qf4 36. Kg2 h5 37. Ra4 Qc1 38. Rb4 Qe1 39. Rb6 g4 40. fxg4
hxg4 41. hxg4 Qe6 42. Rb4 c5 43. Rc4 1-0

[Event "Hilton Open 2013"]
[Site "Basel"]
[Date "2013.01.05"]
[Round "7.33"]
[White "Faraone, Ettore"]
[Black "Wirz, Heinz"]
[Result "1-0"]
[WhiteElo "2003"]
[BlackElo "2161"]
[PlyCount "95"]
[EventDate "2013.??.??"]
[SourceDate "2013.01.01"]

1. d4 Nf6 2. c4 g6 3. Nf3 Bg7 4. Nc3 O-O 5. e4 d6 6. Be2 e5 7. O-O Nc6 8. d5
Ne7 9. Ne1 Ne8 10. f4 exf4 11. Bxf4 h6 12. Be3 f5 13. Qd2 Kh7 14. Nc2 Nf6 15.
exf5 Nxf5 16. Bf2 h5 17. Nd4 Bh6 18. Qd3 Nxd4 19. Bxd4 Bg4 20. Rxf6 Rxf6 21.
Bxg4 hxg4 22. Bxf6 Qxf6 23. Rf1 Qe7 24. Ne4 Bg7 25. Rf7 Qxf7 26. Ng5+ Kg8 27.
Nxf7 Kxf7 28. b4 Re8 29. g3 Re5 30. Kg2 Rf5 31. c5 Bf8 32. c6 bxc6 33. dxc6 d5
34. Qd4 a6 35. a4 Bg7 36. Qa7 Be5 37. Qxa6 Bd4 38. Qe2 Ba7 39. Qxg4 Be3 40. h4
Kf6 41. Qe2 d4 42. a5 Ke5 43. a6 Rf8 44. Qd3 Rf2+ 45. Kh3 Ra2 46. b5 Kd6 47.
Qc4 Ra1 48. b6 1-0

[Event "Hilton Open 2013"]
[Site "Basel"]
[Date "2013.01.05"]
[Round "7.34"]
[White "Graeber, Fabien"]
[Black "Tillmann, Marc"]
[Result "1-0"]
[WhiteElo "2071"]
[BlackElo "1999"]
[PlyCount "83"]
[EventDate "2013.??.??"]
[SourceDate "2013.01.01"]

1. c4 Nf6 2. Nc3 g6 3. e4 d6 4. d4 Bg7 5. Nf3 O-O 6. h3 e5 7. d5 a5 8. Be3 Na6
9. Bd3 Nh5 10. Nh2 Nf4 11. Bf1 f5 12. g3 Nh5 13. exf5 Nf6 14. fxg6 hxg6 15. Nf3
Qe7 16. Ng5 Nc5 17. Qd2 Bd7 18. O-O-O e4 19. Kb1 Na4 20. Nxa4 Bxa4 21. Re1 Bd7
22. Bg2 b5 23. Bd4 bxc4 24. g4 Rab8 25. Nxe4 Nxe4 26. Bxe4 Qf7 27. f3 Rb4 28.
Re2 Rfb8 29. Qc3 Bxd4 30. Qxd4 a4 31. Qc3 Be8 32. h4 c6 33. h5 Qg7 34. Qxg7+
Kxg7 35. hxg6 a3 36. dxc6 Rxb2+ 37. Rxb2 Rxb2+ 38. Ka1 Rd2 39. c7 Bd7 40. Rh7+
Kf6 41. Rxd7 Rd1+ 42. Bb1 1-0

[Event "Hilton Open 2013"]
[Site "Basel"]
[Date "2013.01.05"]
[Round "7.36"]
[White "Deubelbeiss, Rene"]
[Black "Villegas, Pierre"]
[Result "0-1"]
[WhiteElo "2015"]
[BlackElo "2234"]
[PlyCount "60"]
[EventDate "2013.??.??"]
[SourceDate "2013.01.01"]

1. c4 g6 2. g3 c5 3. Bg2 Nc6 4. Nc3 Bg7 5. Nf3 e6 6. e4 Nge7 7. O-O O-O 8. d3
d6 9. Bg5 h6 10. Be3 Nd4 11. a3 Nec6 12. Rb1 Kh7 13. Ne2 f5 14. Nfxd4 cxd4 15.
Bc1 e5 16. b4 Ne7 17. a4 fxe4 18. dxe4 Bg4 19. Qd3 Qd7 20. f3 Be6 21. c5 Qxa4
22. cxd6 Nc8 23. d7 Bxd7 24. f4 Bb5 25. Qd2 Qa6 26. Rf2 Nd6 27. fxe5 Nc4 28.
Qxd4 Nxe5 29. Qd1 Qb6 30. Nd4 Nd3 0-1

[Event "Hilton Open 2013"]
[Site "Basel"]
[Date "2013.01.05"]
[Round "7.37"]
[White "Frey, Matthias"]
[Black "Heinis, Vincent"]
[Result "1/2-1/2"]
[WhiteElo "1958"]
[BlackElo "2101"]
[PlyCount "68"]
[EventDate "2013.??.??"]
[SourceDate "2013.01.01"]

1. e4 c5 2. Nf3 Nc6 3. d4 cxd4 4. Nxd4 e5 5. Nb5 d6 6. c4 Be7 7. g3 Nf6 8. Bg2
Bg4 9. Qd3 a6 10. N5a3 O-O 11. O-O Nd4 12. f3 Be6 13. Be3 b5 14. Bxd4 exd4 15.
Kh1 bxc4 16. Qxd4 d5 17. e5 Nd7 18. f4 g6 19. Nc2 Bc5 20. Qd2 Bf5 21. Nc3 d4
22. Nxd4 Nxe5 23. fxe5 Bxd4 24. Bxa8 Qxa8+ 25. Qg2 Bxe5 26. Qxa8 Rxa8 27. Rad1
Rb8 28. Rd2 f6 29. Kg2 Kf7 30. Re1 h5 31. Re3 Bd3 32. Re1 Rd8 33. Red1 Rb8 34.
Re1 Rd8 1/2-1/2

[Event "Hilton Open 2013"]
[Site "Basel"]
[Date "2013.01.05"]
[Round "7.38"]
[White "Terraz, Christian"]
[Black "Sommerhalder, Eric"]
[Result "0-1"]
[WhiteElo "2098"]
[BlackElo "2054"]
[PlyCount "25"]
[EventDate "2013.??.??"]
[SourceDate "2013.01.01"]

1. d4 d5 2. Nc3 Bf5 3. e4 dxe4 4. f3 e5 5. Be3 exd4 6. Bxd4 exf3 7. Qxf3 Qxd4
8. Qxf5 Nd7 9. Nb5 Qxb2 10. Qe4+ Be7 11. Rd1 Qb4+ 12. Qxb4 Bxb4+ 13. Kf2 0-1

[Event "Hilton Open 2013"]
[Site "Basel"]
[Date "2013.01.05"]
[Round "7.39"]
[White "Jud, Marc"]
[Black "Duessel, Udo"]
[Result "0-1"]
[WhiteElo "2032"]
[BlackElo "2228"]
[PlyCount "74"]
[EventDate "2013.??.??"]
[SourceDate "2013.01.01"]

1. e4 c6 2. d4 d5 3. Nc3 dxe4 4. Nxe4 Nd7 5. Nf3 Ngf6 6. Nxf6+ Nxf6 7. h3 g6 8.
Bc4 Bg7 9. O-O O-O 10. c3 Qc7 11. Re1 Nd5 12. Bg5 e6 13. Qd2 b5 14. Bxd5 cxd5
15. Bh6 a5 16. Bxg7 Kxg7 17. Ne5 h5 18. Qf4 Ra7 19. Qd2 Bd7 20. a3 Rfa8 21.
Rac1 Be8 22. Nd3 Rb8 23. g4 hxg4 24. hxg4 Qe7 25. Kg2 g5 26. Nc5 Rb6 27. Re3 f6
28. Rce1 Bf7 29. Qe2 e5 30. b4 axb4 31. axb4 e4 32. f3 Qc7 33. fxe4 dxe4 34.
Kg1 Ra2 35. Nxe4 Rxe2 36. R1xe2 Qf4 37. Nf2 Ra6 0-1

[Event "Hilton Open 2013"]
[Site "Basel"]
[Date "2013.01.05"]
[Round "7.41"]
[White "Brait, Wolfgang"]
[Black "Bender, Dirk"]
[Result "1/2-1/2"]
[WhiteElo "2021"]
[BlackElo "2047"]
[PlyCount "124"]
[EventDate "2013.??.??"]
[SourceDate "2013.01.01"]

1. d4 Nf6 2. c4 e6 3. Nf3 Bb4+ 4. Nbd2 b6 5. e3 Bb7 6. Bd3 O-O 7. O-O Bxd2 8.
Nxd2 d6 9. f4 Qe7 10. Nf3 Nbd7 11. Bc2 Ne4 12. b3 f5 13. Bb2 Ndf6 14. Qe2 h6
15. Rad1 Kh7 16. Nd2 Rg8 17. Nxe4 Bxe4 18. Bxe4 Nxe4 19. d5 a5 20. Qc2 g5 21.
dxe6 Qxe6 22. Rde1 g4 23. g3 h5 24. Qd3 Nc5 25. Qc3 Ne4 26. Qd3 Rad8 27. Qd5
Qxd5 28. cxd5 Nd2 29. Rc1 Rd7 30. Rf2 Ne4 31. Rfc2 Nc5 32. Bd4 Re8 33. Rc3 Ree7
34. a3 Ne4 35. R3c2 Kg6 36. b4 axb4 37. axb4 h4 38. gxh4 Kh5 39. Ra1 Kxh4 40.
Ra8 g3 41. Rg8 g2 42. Rcxg2 Kh3 43. Kf1 Rh7 44. Ke2 Rdf7 45. R8g6 Rd7 46. Kd3
b5 47. Rc2 Rdf7 48. Ra2 Rd7 49. Rg8 Rdf7 50. Rb8 Kg4 51. Rxb5 Kf3 52. Rb8 Nf2+
53. Kc4 Rxh2 54. Kb5 Rh1 55. Rc2 Ng4 56. Re8 Re1 57. Rc3 Re2 58. Kc6 Re1 59. b5
Rb1 60. b6 cxb6 61. Bxb6 Rxb6+ 62. Kxb6 Nf6 1/2-1/2

[Event "Hilton Open 2013"]
[Site "Basel"]
[Date "2013.01.05"]
[Round "7.42"]
[White "Janasik, Gerhard"]
[Black "Kaspereit, Holger"]
[Result "1/2-1/2"]
[WhiteElo "2014"]
[BlackElo "2094"]
[PlyCount "85"]
[EventDate "2013.??.??"]
[SourceDate "2013.01.01"]

1. e4 d5 2. exd5 Qxd5 3. Nc3 Qd6 4. Bc4 Nf6 5. Nge2 c6 6. O-O Nbd7 7. d4 Nb6 8.
Bf4 Qd8 9. Bb3 Bf5 10. Ng3 Bg6 11. Be5 e6 12. f4 Qd7 13. Bxf6 gxf6 14. f5 exf5
15. Re1+ Be7 16. Qe2 Kf8 17. Rad1 h5 18. Qf2 Bd6 19. Nge2 Qc7 20. h3 h4 21. Rf1
Re8 22. Nf4 Kg7 23. Nce2 Re4 24. c3 Rhe8 25. Bc2 Nd5 26. Nxd5 cxd5 27. Bxe4
Rxe4 28. Kh1 Qe7 29. Ng1 Bg3 30. Qc2 f4 31. Qb3 Qd7 32. c4 Bh5 33. Rd3 dxc4 34.
Qxc4 Qe7 35. Qd5 Bg6 36. Rdd1 Re3 37. Qc5 Qd7 38. d5 Be4 39. Rd2 b6 40. Qd4 Be1
41. Rxf4 Bxd2 42. Qxf6+ Kg8 43. Rg4+ 1/2-1/2

[Event "Hilton Open 2013"]
[Site "Basel"]
[Date "2013.01.05"]
[Round "7.43"]
[White "Moser, Guido"]
[Black "Prill, Gerhard"]
[Result "0-1"]
[WhiteElo "2006"]
[BlackElo "2056"]
[PlyCount "48"]
[EventDate "2013.??.??"]
[SourceDate "2013.01.01"]

1. d4 Nf6 2. Nf3 e6 3. e3 d5 4. Bd3 Bd6 5. Nbd2 c5 6. c3 Nc6 7. O-O Qc7 8. dxc5
Bxc5 9. e4 Be7 10. Re1 h6 11. e5 Ng4 12. Qe2 Bc5 13. Nd4 Qxe5 14. Qxe5 Ngxe5
15. Bb5 Bd7 16. Nxc6 Nxc6 17. Nf3 Nb8 18. Bd3 Nc6 19. Bb5 Bd6 20. Be3 a6 21.
Bxc6 bxc6 22. c4 Rb8 23. cxd5 cxd5 24. Bd4 f6 0-1

[Event "Schachfestival Basel 2014"]
[Site "Basel"]
[Date "2014.01.01"]
[Round "1.1"]
[White "Wojtaszek, Radoslaw"]
[Black "Wittke, Christian"]
[Result "1-0"]
[WhiteElo "2711"]
[BlackElo "2168"]
[PlyCount "71"]
[EventDate "2014.??.??"]
[EventRounds "7"]
[EventCountry "SUI"]
[SourceDate "2014.01.01"]

1. d4 Nf6 2. c4 g6 3. f3 d5 4. cxd5 Nxd5 5. e4 Nb6 6. Nc3 Bg7 7. Be3 O-O 8. Qd2
Nc6 9. O-O-O e5 10. d5 Nd4 11. f4 c5 12. fxe5 Bg4 13. Re1 Bxe5 14. h3 Bd7 15.
Nf3 Nxf3 16. gxf3 Na4 17. Nxa4 Bxa4 18. f4 Bd4 19. Kb1 Qb6 20. h4 Rad8 21. Bg2
Bd7 22. h5 Rfe8 23. hxg6 fxg6 24. Ka1 Bb5 25. Rh3 Rd7 26. Rd1 Bg7 27. e5 Ba4
28. Rc1 Rc8 29. d6 Kh8 30. Rch1 h5 31. Be4 Rcd8 32. Bxg6 Rxd6 33. exd6 Rxd6 34.
Rxh5+ Kg8 35. Bh7+ Kf7 36. Qc1 1-0

[Event "Schachfestival Basel 2014"]
[Site "Basel"]
[Date "2014.01.01"]
[Round "1.2"]
[White "Hund, Barbara"]
[Black "Rodshtein, Maxim"]
[Result "0-1"]
[WhiteElo "2169"]
[BlackElo "2682"]
[PlyCount "92"]
[EventDate "2014.??.??"]
[EventRounds "7"]
[EventCountry "SUI"]
[SourceDate "2014.01.01"]

1. e4 c5 2. Nc3 Nc6 3. f4 g6 4. Nf3 Bg7 5. Bb5 Nd4 6. O-O e6 7. e5 a6 8. Bd3
Nxf3+ 9. Qxf3 d5 10. exd6 Qxd6 11. b3 Nf6 12. Bb2 O-O 13. Na4 Nd5 14. Bxg7 Kxg7
15. Be4 Nf6 16. Kh1 Ra7 17. Qc3 Rd8 18. d3 b6 19. Bf3 h5 20. Rae1 Bd7 21. Nb2
Qd4 22. Nd1 Rc7 23. a4 b5 24. axb5 axb5 25. Qa5 Qxf4 26. Bxh5 Qd6 27. Qc3 Qd4
28. Bf3 Rh8 29. Re2 Be8 30. Qe1 Qd6 31. g3 Bc6 32. Bxc6 Qxc6+ 33. Kg1 Qd6 34.
Ne3 Nd7 35. Qf2 f5 36. Qf4 Qxf4 37. gxf4 Ra7 38. Ng2 Kf6 39. Rfe1 Ra6 40. Ne3
Rd6 41. Ra1 e5 42. fxe5+ Nxe5 43. Rf2 Re8 44. Nf1 Ng4 45. Rg2 g5 46. Ng3 Rde6
0-1

[Event "Schachfestival Basel 2014"]
[Site "Basel"]
[Date "2014.01.01"]
[Round "1.3"]
[White "Schwierskott, Marc"]
[Black "Istratescu, Andrei"]
[Result "0-1"]
[WhiteElo "2237"]
[BlackElo "2670"]
[PlyCount "70"]
[EventDate "2014.??.??"]
[EventRounds "7"]
[EventCountry "SUI"]
[SourceDate "2014.01.01"]

1. c4 e5 2. Nc3 Bb4 3. Qc2 Nf6 4. Nf3 Nc6 5. e3 O-O 6. Nd5 Re8 7. Qf5 d6 8.
Nxf6+ Qxf6 9. Qxf6 gxf6 10. a3 Bc5 11. b4 Bb6 12. Bb2 a5 13. b5 Ne7 14. d4 a4
15. O-O-O Ng6 16. Be2 Kg7 17. Rhg1 Be6 18. g4 h6 19. h4 e4 20. Nd2 d5 21. f3
exf3 22. Nxf3 dxc4 23. h5 Bd5 24. hxg6 Rxe3 25. Nh4 Rxe2 26. Nf5+ Kxg6 27. Bc3
Rae8 28. Rg3 Be4 29. Rf1 Rc2+ 30. Kd1 Rh2 31. d5 Bc2+ 32. Kc1 Bd3 33. Nh4+ Rxh4
34. Rxf6+ Kg5 35. Rxf7 Rh1+ 0-1